[Event "Seattle Summer Kickoff (4-6 U1000)"]
[Site "Chess.com"]
[Date "2020.06.13"]
[Round "5"]
[White "Eitel, Miles"]
[Black "Choi, Edward"]
[Result "1-0"]
[WhiteElo "721"]
[BlackElo "770"]
[PlyCount "29"]
[EventDate "2020.??.??"]
[SourceDate "2020.06.27"]

1. d4 d5 2. Nc3 Nf6 3. Bg5 h6 4. Bxf6 exf6 5. e4 Bb4 6. Bd3 Bxc3+ 7. bxc3 dxe4
8. Bxe4 g6 9. Qe2 f5 10. Bxb7+ Kf8 11. Bxa8 Kg8 12. Nf3 Na6 13. Bc6 Qd6 14.
Qe8+ Kh7 15. Qxf7# 1-0

[Event "Seattle Summer Kickoff (4-6 U1000)"]
[Site "Chess.com"]
[Date "2020.06.13"]
[Round "5"]
[White "Joshi, Vaidehi"]
[Black "Bhargava, Saarth"]
[Result "0-1"]
[WhiteElo "905"]
[BlackElo "634"]
[PlyCount "84"]
[EventDate "2020.??.??"]
[SourceDate "2020.06.27"]

1. e4 e5 2. Nf3 Nc6 3. Bc4 Bc5 4. O-O Nf6 5. d3 O-O 6. Nc3 d6 7. h3 Nd4 8. Bg5
h6 9. Bh4 b5 10. Nd5 Nxd5 11. Bxd8 bxc4 12. Bh4 cxd3 13. Nd2 dxc2 14. Qh5 Nf4
15. Qf3 Nxf3+ 16. Nxf3 Ne2+ 17. Kh1 c1=Q 18. Raxc1 Nxc1 19. Rxc1 Rb8 20. Rb1 g5
21. Bg3 Ba6 22. h4 g4 23. Nh2 h5 24. f4 exf4 25. Bxf4 Ba3 26. Rd1 Rxb2 27. g3
Rxa2 28. Rd5 Bb7 29. Rg5+ Kh7 30. Rxh5+ Kg8 31. Rg5+ Kh7 32. Rh5+ Kg7 33. Rg5+
Kh6 34. Rf5+ Kg6 35. Rg5+ Kf6 36. Rf5+ Ke6 37. Nxg4 Bxe4+ 38. Kg1 Bxf5 39. h5
Rb8 40. Nh2 Bd3 41. h6 Rb1+ 42. Nf1 Rxf1# 0-1

[Event "Seattle Summer Kickoff (4-6 U1000)"]
[Site "Chess.com"]
[Date "2020.06.13"]
[Round "5"]
[White "Lankipalle, Ruthvikarao"]
[Black "Bhargava, Suhana"]
[Result "1-0"]
[WhiteElo "956"]
[BlackElo "400"]
[PlyCount "45"]
[EventDate "2020.??.??"]
[SourceDate "2020.06.27"]

1. e4 e5 2. Nf3 Nc6 3. Bb5 Bc5 4. Nc3 d6 5. h3 Qf6 6. O-O Qg6 7. Nh4 Qg5 8.
Bxc6+ bxc6 9. Nf5 Ba6 10. d3 Qg6 11. Qf3 Nf6 12. Nh4 Qxe4 13. Nxe4 Nxe4 14.
Qxe4 O-O 15. Qg4 g6 16. Be3 Rab8 17. Bh6 Rfe8 18. Rab1 Bc8 19. Qg3 Ba6 20. Qf3
Rb6 21. Qf6 Bxf2+ 22. Rxf2 Re6 23. Qg7# 1-0

[Event "Seattle Summer Kickoff (4-6 U1000)"]
[Site "Chess.com"]
[Date "2020.06.13"]
[Round "5"]
[White "Tiwari, Anay"]
[Black "Vangala, Advaith"]
[Result "1-0"]
[WhiteElo "692"]
[BlackElo "897"]
[PlyCount "29"]
[EventDate "2020.??.??"]
[SourceDate "2020.06.27"]

1. e4 e5 2. Nf3 Nc6 3. Bb5 d6 4. Nc3 Bd7 5. d3 Nd4 6. Bxd7+ Qxd7 7. Be3 Nxf3+
8. Qxf3 Nf6 9. h3 Be7 10. O-O-O O-O-O 11. d4 exd4 12. Bxd4 Kb8 13. e5 dxe5 14.
Bxa7+ Kxa7 15. Rxd7 1-0

[Event "Seattle Summer Kickoff (4-6 Open)"]
[Site "Chess.com"]
[Date "2020.06.13"]
[Round "1"]
[White "Jewsbury, Keaton"]
[Black "Nadiveedi, Varun"]
[Result "1-0"]
[WhiteElo "1146"]
[BlackElo "933"]
[PlyCount "81"]
[EventDate "2020.??.??"]
[SourceDate "2020.06.27"]

1. e4 e5 2. Nf3 Nc6 3. Bc4 Nf6 4. d3 Na5 5. Nxe5 d6 6. Nxf7 Qe7 7. Nxh8 Nxc4 8.
dxc4 Qxe4+ 9. Qe2 Qxe2+ 10. Kxe2 g5 11. Bxg5 Ng8 12. Re1 Bg7 13. Kf1+ Kf8 14.
c3 Bxh8 15. Na3 a6 16. Re2 Bd7 17. Rae1 b5 18. f4 Re8 19. Rxe8+ Bxe8 20. cxb5
axb5 21. c4 bxc4 22. Nxc4 Bb5 23. b3 d5 24. a4 Ba6 25. Re6 dxc4 26. Rxa6 cxb3
27. Ra8+ Kf7 28. Rb8 b2 29. a5 c5 30. a6 c4 31. a7 c3 32. a8=Q c2 33. Qa7+ Kg6
34. Rxg8+ Kf5 35. Qc5+ Kg4 36. Qxc2 b1=Q+ 37. Qxb1 Kh5 38. Rxh8 Kg4 39. Bd8
Kxf4 40. Rf8+ Kg4 41. Qf5# 1-0

[Event "Seattle Summer Kickoff (4-6 Open)"]
[Site "Chess.com"]
[Date "2020.06.13"]
[Round "1"]
[White "Johar, Nitya"]
[Black "Smith, Cooper"]
[Result "0-1"]
[WhiteElo "917"]
[BlackElo "1170"]
[PlyCount "132"]
[EventDate "2020.??.??"]
[SourceDate "2020.06.27"]

1. d4 d5 2. c4 c6 3. Nc3 Nf6 4. e3 Bf5 5. Bd3 Bxd3 6. Qxd3 e6 7. Nf3 Nbd7 8. e4
dxe4 9. Nxe4 Nxe4 10. Qxe4 Nf6 11. Qe2 Bb4+ 12. Bd2 Bxd2+ 13. Nxd2 Qxd4 14. Nf3
Qd7 15. Rd1 Qc7 16. O-O O-O 17. Rd2 Rad8 18. Rfd1 Rxd2 19. Rxd2 Rd8 20. Rxd8+
Qxd8 21. Nd2 h6 22. b4 a5 23. bxa5 Qxa5 24. Nf3 b5 25. Nd4 bxc4 26. Qxc4 Qe1+
27. Qf1 Qxf1+ 28. Kxf1 c5 29. Nb5 Kf8 30. a4 Nd7 31. a5 Ke8 32. a6 Kd8 33. a7
Nb6 34. Ke2 Kc8 35. Kd3 c4+ 36. Kd4 Kb7 37. Kc5 c3 38. a8=Q+ Nxa8 39. Nxc3 Kc7
40. Kd4 Kd6 41. Ke3 Nb6 42. Ke2 Ke5 43. g3 g5 44. h4 gxh4 45. gxh4 Kf5 46. Kf3
Nd5 47. Ne2 e5 48. Kg3 h5 49. f3 Kg6 50. f4 exf4+ 51. Nxf4+ Nxf4 52. Kxf4 Kf6
53. Kg3 Kf5 54. Kf3 f6 55. Kg3 Ke4 56. Kf2 f5 57. Kg3 f4+ 58. Kf2 f3 59. Kg3
Ke3 60. Kh2 f2 61. Kg2 Ke2 62. Kh3 f1=Q+ 63. Kh2 Qf3 64. Kg1 Qg4+ 65. Kh1 Kf2
66. Kh2 Qg2# 0-1

[Event "Seattle Summer Kickoff (4-6 Open)"]
[Site "Chess.com"]
[Date "2020.06.13"]
[Round "1"]
[White "Joshi, Arnav"]
[Black "Tameling, Cole"]
[Result "0-1"]
[WhiteElo "1049"]
[BlackElo "1217"]
[PlyCount "92"]
[EventDate "2020.??.??"]
[SourceDate "2020.06.27"]

1. d4 f5 2. Nc3 Nf6 3. Nf3 e6 4. Bg5 d5 5. Bxf6 Qxf6 6. e3 Bd6 7. Nb5 O-O 8. h4
a6 9. Nxd6 cxd6 10. c4 Nc6 11. cxd5 exd5 12. Rg1 Re8 13. Be2 f4 14. Qd3 Bf5 15.
Qb3 Rab8 16. Qxd5+ Be6 17. Qe4 fxe3 18. fxe3 d5 19. Qf4 Nb4 20. Qxf6 gxf6 21.
Kf2 Bg4 22. a3 Nc2 23. Rac1 Nxe3 24. Rc7 Rbc8 25. Rxb7 Rc2 26. Ke1 Bxf3 27.
gxf3+ Kh8 28. Bd3 Rc1+ 29. Kf2 Nd1+ 30. Kf1 Nxb2+ 31. Kg2 Rxg1+ 32. Kxg1 Nxd3
33. Rd7 Rg8+ 34. Kf1 Nf4 35. Rf7 Rg6 36. Ra7 f5 37. Rf7 Ne6 38. Rxf5 Nxd4 39.
Rxd5 Nxf3 40. h5 Rg5 41. Rd3 Rf5 42. Kg2 Nh4+ 43. Kh3 Rxh5 44. Rd8+ Kg7 45.
Rd7+ Kf6 46. Rd6+ Ke5 0-1

[Event "Seattle Summer Kickoff (4-6 Open)"]
[Site "Chess.com"]
[Date "2020.06.13"]
[Round "1"]
[White "Joshi, Yash"]
[Black "Xie, Ava"]
[Result "1-0"]
[WhiteElo "1203"]
[BlackElo "1015"]
[PlyCount "63"]
[EventDate "2020.??.??"]
[SourceDate "2020.06.27"]

1. d4 d5 2. Nf3 Nc6 3. Nc3 Nf6 4. Bf4 Nxd4 5. Nxd4 Bd7 6. Ndb5 a6 7. Nxc7+ Qxc7
8. Bxc7 Rc8 9. Be5 e6 10. Bxf6 gxf6 11. Qd4 e5 12. Qxd5 Bb4 13. O-O-O O-O 14.
Qxd7 Bxc3 15. bxc3 Rxc3 16. Qxb7 a5 17. Rd3 Rcc8 18. e4 Rb8 19. Qd5 a4 20. Ra3
Rbd8 21. Qb5 Rb8 22. Qxa4 Rfd8 23. Rb3 Rbc8 24. Bb5 Ra8 25. Qc4 Rac8 26. Qe2
Rc7 27. Rd1 Rdc8 28. Rd2 Rf8 29. Qg4+ Kh8 30. Qf5 Rg8 31. Qxf6+ Rg7 32. Rd8#
1-0

[Event "Seattle Summer Kickoff (4-6 Open)"]
[Site "Chess.com"]
[Date "2020.06.13"]
[Round "1"]
[White "Kang, Ayaan"]
[Black "Johnson, Tobias"]
[Result "1-0"]
[WhiteElo "1338"]
[BlackElo "1104"]
[PlyCount "79"]
[EventDate "2020.??.??"]
[SourceDate "2020.06.27"]

1. e4 e5 2. Nf3 Nc6 3. Bc4 Bc5 4. O-O Nf6 5. Nc3 h6 6. h3 O-O 7. d3 d6 8. Be3
Be6 9. Bb3 Qd7 10. Qd2 Rfe8 11. Ba4 a6 12. Bxc5 dxc5 13. Nxe5 b5 14. Nxd7 Bxd7
15. Bb3 a5 16. Nd5 Re6 17. Nxc7 a4 18. Bxe6 Bxe6 19. Nxa8 Ne5 20. Nc7 Bxh3 21.
Qf4 Bd7 22. Qxe5 Ng4 23. Qxc5 Kh7 24. Nxb5 h5 25. Qxh5+ Kg8 26. Nd6 g6 27. Qd5
Be6 28. Qa8+ Kg7 29. Qxa4 Nf6 30. Ne8+ Nxe8 31. Qxe8 Kh7 32. a4 Kg7 33. a5 Bg4
34. a6 Bh5 35. a7 g5 36. a8=Q Kh6 37. Qh8+ Kg6 38. Qc6+ f6 39. Ra7 g4 40. Rg7#
1-0

[Event "Seattle Summer Kickoff (4-6 Open)"]
[Site "Chess.com"]
[Date "2020.06.13"]
[Round "1"]
[White "Kang, Danny"]
[Black "Ephrem, Yabi"]
[Result "1-0"]
[WhiteElo "1191"]
[BlackElo "1004"]
[PlyCount "65"]
[EventDate "2020.??.??"]
[SourceDate "2020.06.27"]

1. e4 e5 2. Nf3 Nc6 3. Bc4 Nf6 4. Ng5 Be7 5. Nxf7 Ng4 6. Nxd8 Bxd8 7. Qxg4 d5
8. Qxg7 Rf8 9. Bxd5 Nb4 10. Qxe5+ Be7 11. Na3 Bd7 12. O-O O-O-O 13. c3 Nc6 14.
Bxc6 Bxc6 15. Nb5 Bd6 16. Nxd6+ cxd6 17. Qd4 Rfe8 18. d3 d5 19. Bg5 Rd7 20.
Qxa7 b6 21. Qxb6 dxe4 22. Qxc6+ Rc7 23. Qxe8+ Kb7 24. dxe4 Rc8 25. Qxc8+ Kxc8
26. Rad1 Kb7 27. e5 Ka6 28. Rd4 Kb5 29. e6 Ka5 30. e7 h5 31. Rb4 h4 32. e8=Q h3
33. Qa8# 1-0

[Event "Seattle Summer Kickoff (4-6 Open)"]
[Site "Chess.com"]
[Date "2020.06.13"]
[Round "1"]
[White "Narayan, Bhargav"]
[Black "Kancherla, Rohan"]
[Result "0-1"]
[WhiteElo "1104"]
[BlackElo "1251"]
[PlyCount "32"]
[EventDate "2020.??.??"]
[SourceDate "2020.06.27"]

1. e4 e5 2. Nf3 Nc6 3. Bc4 Bc5 4. O-O Nf6 5. d3 h6 6. Nc3 d6 7. Nd5 Bg4 8.
Nxf6+ Qxf6 9. Re1 Nd4 10. Re3 Nxf3+ 11. gxf3 Bxe3 12. Bxe3 Bh3 13. Bb5+ c6 14.
Bxc6+ bxc6 15. Kh1 O-O 16. Qg1 Qxf3+ 0-1

[Event "Seattle Summer Kickoff (4-6 Open)"]
[Site "Chess.com"]
[Date "2020.06.13"]
[Round "1"]
[White "Wong, Samuel"]
[Black "Sankar, Abhay"]
[Result "0-1"]
[WhiteElo "1110"]
[BlackElo "1578"]
[PlyCount "168"]
[EventDate "2020.??.??"]
[SourceDate "2020.06.27"]

1. d4 Nf6 2. Bf4 g6 3. Nf3 Bg7 4. e3 d5 5. c3 O-O 6. Nbd2 Nh5 7. Be5 f6 8. Bg3
Nxg3 9. hxg3 e5 10. dxe5 fxe5 11. Qc2 e4 12. Nd4 c6 13. b4 Qf6 14. N2b3 Nd7 15.
O-O-O Qxf2 16. Qxf2 Rxf2 17. Rd2 Rxd2 18. Nxd2 Ne5 19. Kc2 a5 20. Kb3 axb4 21.
cxb4 Ng4 22. Nc2 Be6 23. Be2 d4+ 24. Nc4 Nxe3 25. N2xe3 dxe3 26. Rh4 Bxc4+ 27.
Bxc4+ Kh8 28. Rxe4 Bh6 29. Be2 Rf8 30. Kc3 Rf2 31. Kd3 Rxg2 32. Re8+ Kg7 33.
Re7+ Kf6 34. Re4 Rxg3 35. a4 Bf8 36. Rf4+ Kg7 37. b5 cxb5 38. axb5 Bd6 39. Rf3
Rxf3 40. Bxf3 b6 41. Kxe3 Bc5+ 42. Ke4 Kf6 43. Kd5 h5 44. Bg2 Kg5 45. Ke4 Kg4
46. Bf3+ Kg3 47. Bh1 h4 48. Kd3 h3 49. Ke2 Kh2 50. Bf3 Kg1 51. Ke1 h2 52. Ke2
h1=Q 53. Bxh1 Kxh1 54. Kf3 g5 55. Kg4 Be7 56. Kg3 Kg1 57. Kg4 Kf1 58. Kg3 Ke2
59. Kg4 Kd3 60. Kf3 Kc4 61. Ke4 Kxb5 62. Kd3 Kc5 63. Kc3 g4 64. Kd2 b5 65. Ke2
b4 66. Kf2 b3 67. Kg3 b2 68. Kxg4 b1=Q 69. Kf4 Bd6+ 70. Kf3 Qf1+ 71. Ke3 Bf4+
72. Ke4 Qc4+ 73. Kf5 Qd5+ 74. Kg4 Qg5+ 75. Kf3 Kd5 76. Ke2 Qg2+ 77. Kd3 Qe4+
78. Kc3 Qc4+ 79. Kb2 Bc1+ 80. Kb1 Qb3+ 81. Kxc1 Qa2 82. Kd1 Kd4 83. Kc1 Kc3 84.
Kd1 Qd2# 0-1

[Event "Seattle Summer Kickoff (4-6 Open)"]
[Site "Chess.com"]
[Date "2020.06.13"]
[Round "1"]
[White "Yuen, Owen"]
[Black "Zheng, Max"]
[Result "1/2-1/2"]
[WhiteElo "1245"]
[BlackElo "1057"]
[PlyCount "143"]
[EventDate "2020.??.??"]
[SourceDate "2020.06.27"]

1. d4 d5 2. c4 e6 3. Nc3 Nf6 4. Bg5 Bb4 5. e3 h6 6. Bh4 Bxc3+ 7. bxc3 Nc6 8.
Nf3 Bd7 9. Bd3 Qe7 10. cxd5 exd5 11. O-O Bg4 12. Rb1 Rb8 13. Bb5 Qd6 14. h3 Bh5
15. Qe2 O-O 16. Bg3 Qe7 17. Qd1 a6 18. Be2 Bg6 19. Qc2 Bxc2 20. Rb2 Be4 21. Bh4
g5 22. Bg3 Bg6 23. Rc1 Ne4 24. Bh2 Qa3 25. Rbc2 b5 26. Bxc7 Rbc8 27. Bb6 Nxf2
28. Bc5 Bxc2 29. Bxa3 Nxh3+ 30. gxh3 Be4 31. Bxf8 Rxf8 32. Nd2 Bf5 33. Kg2 Kg7
34. Bf3 Ne7 35. Be2 Kf6 36. Nb3 Rh8 37. Nc5 Bc8 38. Bd3 h5 39. Rf1+ Kg7 40. Kh2
g4 41. h4 Kf8 42. Rf6 Rg8 43. Nxa6 g3+ 44. Kg1 g2 45. Nc5 Bh3 46. Rh6 Nc6 47.
Rxc6 Rg4 48. Nd7+ Kg7 49. Bf5 Rxh4 50. Bxh3 Rxh3 51. Kxg2 Rxe3 52. Rc5 Re2+ 53.
Kh3 Rxa2 54. Rxd5 Kg6 55. Rxb5 Rc2 56. Re5 Rxc3+ 57. Kh4 Rc4 58. Rg5+ Kh7 59.
Rxh5+ Kg6 60. Rg5+ Kh6 61. Rh5+ Kg7 62. Kg5 Rxd4 63. Ne5 f6+ 64. Kf5 fxe5 65.
Kxe5 Rb4 66. Rg5+ Kf7 67. Rf5+ Kg6 68. Rf6+ Kg5 69. Rf7 Rb5+ 70. Ke4 Rb4+ 71.
Ke5 Rb5+ 72. Ke4 1/2-1/2

[Event "Seattle Summer Kickoff (4-6 Open)"]
[Site "Chess.com"]
[Date "2020.06.13"]
[Round "1"]
[White "Zhen, Hongren"]
[Black "Kuo, Tristan"]
[Result "0-1"]
[WhiteElo "1009"]
[BlackElo "1191"]
[PlyCount "92"]
[EventDate "2020.??.??"]
[SourceDate "2020.06.27"]

1. e4 c5 2. Nc3 Nc6 3. Bc4 Nf6 4. d3 g6 5. Nf3 Bg7 6. O-O O-O 7. Re1 d6 8. h3
Bd7 9. Bg5 a6 10. d4 cxd4 11. Nxd4 b5 12. Bd5 Nxd5 13. exd5 Ne5 14. f4 f6 15.
Ne6 Bxe6 16. dxe6 fxg5 17. fxe5 Qb6+ 18. Kh1 Bxe5 19. Nd5 Qa7 20. c3 Rf5 21.
Ne3 Rf2 22. Ng4 Rxb2 23. Nxe5 dxe5 24. Rxe5 Qf2 25. Rxg5 Rxa2 26. Qg1 Qxg1+ 27.
Rxg1 Rc8 28. Rc1 b4 29. Rg3 Ra3 30. Rf3 Raxc3 31. Rcf1 Rxf3 32. Rxf3 a5 33. Rb3
Rc3 34. Rb2 b3 35. Kg1 a4 36. Kf1 a3 37. Rb1 a2 38. Ra1 b2 39. Rxa2 b1=Q+ 40.
Kf2 Qxa2+ 41. Kg1 Rg3 42. Kf1 Qxg2+ 43. Ke1 Qe4+ 44. Kf1 Qb1+ 45. Ke2 Qc2+ 46.
Kf1 Ra3 0-1

[Event "Seattle Summer Kickoff (4-6 Open)"]
[Site "Chess.com"]
[Date "2020.06.13"]
[Round "2"]
[White "Ephrem, Yabi"]
[Black "Wong, Samuel"]
[Result "0-1"]
[WhiteElo "1004"]
[BlackElo "1110"]
[PlyCount "70"]
[EventDate "2020.??.??"]
[SourceDate "2020.06.27"]

1. e4 c5 2. Bc4 e6 3. Nf3 Nc6 4. Bb5 a6 5. Bxc6 bxc6 6. O-O Qc7 7. g3 Bd6 8.
Ng5 Nf6 9. b3 h6 10. Bb2 hxg5 11. Bxf6 gxf6 12. Qh5 Rxh5 13. g4 Rxh2 14. f4
Bxf4 15. Rf2 Rxf2 16. Kxf2 Bg3+ 17. Ke2 d5 18. exd5 cxd5 19. Nc3 d4 20. Ne4 Be5
21. Re1 Bb7 22. Kd1 Bxe4 23. Rxe4 Qa5 24. Re1 Qxa2 25. Rf1 Qb1+ 26. Ke2 Qxc2
27. b4 Qc4+ 28. d3 Qxb4 29. Kf2 a5 30. Kg1 a4 31. Kh1 a3 32. Ra1 a2 33. Kg1 Qb2
34. Rd1 a1=R 35. Rxa1 Rxa1# 0-1

[Event "Seattle Summer Kickoff (4-6 Open)"]
[Site "Chess.com"]
[Date "2020.06.13"]
[Round "2"]
[White "Johnson, Tobias"]
[Black "Zhen, Hongren"]
[Result "1-0"]
[WhiteElo "1104"]
[BlackElo "1009"]
[PlyCount "93"]
[EventDate "2020.??.??"]
[SourceDate "2020.06.27"]

1. e4 e5 2. Nf3 Nc6 3. Bb5 Qe7 4. Bxc6 dxc6 5. O-O Nf6 6. Nc3 Bg4 7. h3 Bh5 8.
d3 Qd8 9. Bg5 Be7 10. Bxf6 Bxf6 11. Qe2 O-O 12. a4 Bg5 13. b4 Qd6 14. b5 cxb5
15. axb5 Qc5 16. Nd5 c6 17. bxc6 bxc6 18. Nc7 Rac8 19. Na6 Qe7 20. Qd1 c5 21.
c4 Rfd8 22. Qe2 Rc6 23. Rfd1 Qd6 24. g4 Bg6 25. Nxg5 Rxa6 26. Rxa6 Qxa6 27. h4
h6 28. Nh3 Qd6 29. g5 h5 30. f3 a6 31. Nf2 f6 32. gxf6 Qxf6 33. Kf1 Qxh4 34.
Qa2 Ra8 35. Qa5 Qe7 36. f4 exf4 37. d4 Bxe4 38. Re1 Bg2+ 39. Kxg2 Qg5+ 40. Kf1
h4 41. Qxc5 Qxc5 42. dxc5 Rc8 43. Re5 Rc6 44. Nd3 f3 45. Nb4 h3 46. Nxc6 h2 47.
Rh5 1-0

[Event "Seattle Summer Kickoff (4-6 Open)"]
[Site "Chess.com"]
[Date "2020.06.13"]
[Round "2"]
[White "Kancherla, Rohan"]
[Black "Kang, Danny"]
[Result "0-1"]
[WhiteElo "1251"]
[BlackElo "1191"]
[PlyCount "76"]
[EventDate "2020.??.??"]
[SourceDate "2020.06.27"]

1. e4 e5 2. Nf3 Nc6 3. Bc4 Bc5 4. d3 h6 5. Nc3 Nf6 6. O-O O-O 7. Be3 Bxe3 8.
fxe3 d6 9. h3 Be6 10. Bd5 Bxd5 11. Nxd5 Nxd5 12. exd5 Ne7 13. e4 c6 14. c4 a6
15. b3 f5 16. Qe2 f4 17. d4 Ng6 18. dxe5 Nxe5 19. Nxe5 dxe5 20. Rad1 c5 21. Rd3
b6 22. Qd2 Rf6 23. Rd1 Rd6 24. Qc3 Qf6 25. Rf1 Qe7 26. g3 Rf6 27. gxf4 Rxf4 28.
Rxf4 exf4 29. Qe1 Qg5+ 30. Kf1 Rf8 31. Qf2 Qe5 32. Qf3 Qa1+ 33. Rd1 Qxa2 34.
Re1 a5 35. d6 a4 36. Qd3 f3 37. Qd5+ Kh8 38. Qg8+ Kxg8 0-1

[Event "Seattle Summer Kickoff (4-6 Open)"]
[Site "Chess.com"]
[Date "2020.06.13"]
[Round "2"]
[White "Kuo, Tristan"]
[Black "Kang, Ayaan"]
[Result "0-1"]
[WhiteElo "1191"]
[BlackElo "1338"]
[PlyCount "124"]
[EventDate "2020.??.??"]
[SourceDate "2020.06.27"]

1. d4 d5 2. c4 c6 3. Nf3 Nf6 4. Nc3 e6 5. Bg5 Bb4 6. cxd5 exd5 7. a3 Bxc3+ 8.
bxc3 h6 9. Bh4 O-O 10. e3 Bg4 11. h3 Bh5 12. Bd3 Qd6 13. O-O Ne4 14. Bxe4 dxe4
15. g4 Bg6 16. Ne5 Nd7 17. Bg3 Nxe5 18. Bxe5 Qd7 19. f3 h5 20. f4 hxg4 21. Qxg4
Qxg4+ 22. hxg4 f5 23. g5 Kf7 24. Rab1 b6 25. Rb4 Bh5 26. Rc4 Be2 27. Rxc6 Bxf1
28. Kxf1 Rac8 29. g6+ Kg8 30. Rxc8 Rxc8 31. d5 Rd8 32. c4 b5 33. d6 bxc4 34.
Ke2 c3 35. Kd1 Rc8 36. Kc2 Kf8 37. Bxc3 Ke8 38. Kb3 Kd7 39. Be5 Rb8+ 40. Kc4
Rc8+ 41. Kd5 Rc6 42. a4 Ra6 43. Kc5 Rxa4 44. Bxg7 Ra5+ 45. Kd4 Kxd6 46. Bh6 Ke7
47. g7 Kf7 48. Kc4 Ra6 49. Kb5 Rxh6 50. g8=Q+ Kxg8 51. Ka5 Rh3 52. Ka6 Rxe3 53.
Kxa7 Rf3 54. Kb6 Rxf4 55. Kc5 e3 56. Kd5 e2 57. Ke6 e1=Q+ 58. Kf6 Qa5 59. Kg5
Qe5 60. Kg6 Rg4+ 61. Kh5 Qg3 62. Kh6 Qh2# 0-1

[Event "Seattle Summer Kickoff (4-6 Open)"]
[Site "Chess.com"]
[Date "2020.06.13"]
[Round "2"]
[White "Nadiveedi, Varun"]
[Black "Joshi, Arnav"]
[Result "0-1"]
[WhiteElo "933"]
[BlackElo "1049"]
[PlyCount "63"]
[EventDate "2020.??.??"]
[SourceDate "2020.06.27"]

1. e4 e6 2. d4 d5 3. e5 c5 4. Nf3 a6 5. Nc3 Nc6 6. Be2 f6 7. dxc5 Bxc5 8. exf6
Nxf6 9. O-O d4 10. Na4 Bd6 11. Nxd4 Nxd4 12. g3 Nf5 13. Bf4 Bxf4 14. Qxd8+ Kxd8
15. gxf4 Nh4 16. Rad1+ Ke8 17. Nb6 Rb8 18. Nxc8 Rxc8 19. c3 Rg8 20. h3 g5 21.
fxg5 Rxg5+ 22. Kh2 Ke7 23. Rg1 Rxg1 24. Kxg1 Rg8+ 25. Kh1 Rg2 26. Rg1 Rxf2 27.
Bg4 Rxb2 28. Re1 Nxg4 29. hxg4 Rxa2 30. g5 Rg2 31. Rg1 Rxg1+ 32. Kxg1 0-1

[Event "Seattle Summer Kickoff (4-6 Open)"]
[Site "Chess.com"]
[Date "2020.06.13"]
[Round "2"]
[White "Sankar, Abhay"]
[Black "Joshi, Yash"]
[Result "1-0"]
[WhiteElo "1578"]
[BlackElo "1203"]
[PlyCount "22"]
[EventDate "2020.??.??"]
[SourceDate "2020.06.27"]

1. d4 d5 2. c4 dxc4 3. e3 Nc6 4. Bxc4 Bf5 5. Qb3 e6 6. Qxb7 Na5 7. Qb5+ c6 8.
Qa4 Rb8 9. a3 Bxa3 10. Nxa3 Rb4 11. Qxb4 Nxc4 1-0

[Event "Seattle Summer Kickoff (4-6 Open)"]
[Site "Chess.com"]
[Date "2020.06.13"]
[Round "2"]
[White "Tameling, Cole"]
[Black "Smith, Cooper"]
[Result "0-1"]
[WhiteElo "1217"]
[BlackElo "1170"]
[PlyCount "121"]
[EventDate "2020.??.??"]
[SourceDate "2020.06.27"]

1. f4 d5 2. Nf3 Nf6 3. e3 c5 4. c3 Nc6 5. d4 Bf5 6. Bd3 Bxd3 7. Qxd3 e6 8. O-O
Bd6 9. Ne5 Ne4 10. Bd2 Bxe5 11. fxe5 cxd4 12. cxd4 O-O 13. Be1 Rc8 14. a3 h6
15. Nd2 Nxd2 16. Bxd2 Ne7 17. Rf3 Ng6 18. Rh3 Qc7 19. Rc1 Qe7 20. e4 Rxc1+ 21.
Bxc1 dxe4 22. Qxe4 f5 23. Qf3 Rc8 24. Be3 Rc2 25. Qg3 Qf7 26. b4 Ra2 27. Bf2
Ra1+ 28. Be1 Rd1 29. Qf2 Rc1 30. Rg3 Rc4 31. Rc3 Rxc3 32. Bxc3 Qc7 33. Bd2 Qc2
34. g3 Qd3 35. a4 Ne7 36. b5 Qc4 37. d5 Qxd5 38. Bf4 Qd1+ 39. Kg2 Qxa4 40. Qc5
Nd5 41. Qc8+ Kh7 42. Qxe6 Nxf4+ 43. gxf4 Qxf4 44. h3 Qe4+ 45. Kg3 Qe3+ 46. Kg2
Qe4+ 47. Kg3 f4+ 48. Kf2 Qe3+ 49. Kf1 Qd3+ 50. Kf2 f3 51. Qg4 Qe2+ 52. Kg3 Qg2+
53. Kf4 Qxg4+ 54. hxg4 f2 55. e6 f1=Q+ 56. Kg3 Qe1+ 57. Kf4 Qxe6 58. g5 hxg5+
59. Kxg5 Qf6+ 60. Kg4 g6 61. Kh3 0-1

[Event "Seattle Summer Kickoff (4-6 Open)"]
[Site "Chess.com"]
[Date "2020.06.13"]
[Round "2"]
[White "Xie, Ava"]
[Black "Narayan, Bhargav"]
[Result "0-1"]
[WhiteElo "1015"]
[BlackElo "1104"]
[PlyCount "38"]
[EventDate "2020.??.??"]
[SourceDate "2020.06.27"]

1. e4 e5 2. Nf3 d6 3. d4 exd4 4. Nxd4 Nf6 5. Bg5 Be7 6. Nc3 h6 7. Bxf6 Bxf6 8.
Nd5 Bxd4 9. Qxd4 O-O 10. Bd3 Nc6 11. Qe3 Be6 12. O-O Re8 13. e5 Bxd5 14. c4
Rxe5 15. Qf4 Bxg2 16. Kxg2 Rg5+ 17. Kh1 Qf6 18. Qe4 g6 19. Qh4 Qf3# 0-1

[Event "Seattle Summer Kickoff (4-6 Open)"]
[Site "Chess.com"]
[Date "2020.06.13"]
[Round "2"]
[White "Yuen, Owen"]
[Black "Jewsbury, Keaton"]
[Result "1-0"]
[WhiteElo "1245"]
[BlackElo "1146"]
[PlyCount "51"]
[EventDate "2020.??.??"]
[SourceDate "2020.06.27"]

1. d4 Nf6 2. c4 e6 3. Nc3 Bb4 4. Nf3 b6 5. Bg5 O-O 6. e3 Bxc3+ 7. bxc3 d5 8.
Ne5 Ba6 9. Qb3 h6 10. Bh4 c5 11. Bd3 Nbd7 12. Qa4 Qc7 13. Nxd7 Nxd7 14. Qxa6 g5
15. Bg3 e5 16. O-O f5 17. h3 f4 18. Bh2 e4 19. Be2 h5 20. Bxh5 Nf6 21. Be2 Qg7
22. cxd5 Nxd5 23. Qc4 Rad8 24. Qb3 Rf5 25. f3 exf3 26. Bxf3 1-0

[Event "Seattle Summer Kickoff (4-6 Open)"]
[Site "Chess.com"]
[Date "2020.06.13"]
[Round "2"]
[White "Zheng, Max"]
[Black "Xing, Henry"]
[Result "1-0"]
[WhiteElo "1057"]
[BlackElo "1267"]
[PlyCount "119"]
[EventDate "2020.??.??"]
[SourceDate "2020.06.27"]

1. d4 d5 2. Bf4 Nc6 3. Nc3 Nf6 4. Nb5 Rb8 5. Bxc7 Qd7 6. Bxb8 a6 7. Nc3 Nxb8 8.
Nf3 Nc6 9. e3 e6 10. Be2 Be7 11. O-O O-O 12. Ne5 Nxe5 13. dxe5 Ne4 14. Nxe4
dxe4 15. Qxd7 Bxd7 16. Rfd1 Rd8 17. a3 f6 18. exf6 Bxf6 19. Rab1 Kf7 20. h4 Ke7
21. g3 Rc8 22. c3 Ba4 23. Rd2 h6 24. Bg4 Rc6 25. Bd1 Bb5 26. Bc2 Rc4 27. Bb3
Rc6 28. Rbd1 Bd3 29. Bc2 Bxc2 30. Rxc2 Rb6 31. b4 Rc6 32. Rb1 Bxc3 33. Rbc1 Bb2
34. Rxc6 bxc6 35. Rxc6 Bxa3 36. Rxa6 Bxb4 37. Ra7+ Kf6 38. Kf1 Be7 39. Ke2 Bd6
40. f3 exf3+ 41. Kxf3 e5 42. e4 g5 43. h5 Bb8 44. Ra6+ Kg7 45. g4 Bc7 46. Ke2
Bd8 47. Kd3 Be7 48. Kc4 Kf7 49. Kd5 Bb4 50. Kxe5 Bd2 51. Kf5 Bf4 52. e5 Ke7 53.
e6 Ke8 54. Kg6 Kf8 55. Kxh6 Ke7 56. Kg7 Ke8 57. h6 Ke7 58. h7 Ke8 59. h8=Q+ Ke7
60. Qf8# 1-0

[Event "Seattle Summer Kickoff (4-6 Open)"]
[Site "Chess.com"]
[Date "2020.06.13"]
[Round "3"]
[White "Jewsbury, Keaton"]
[Black "Johnson, Tobias"]
[Result "0-1"]
[WhiteElo "1146"]
[BlackElo "1104"]
[PlyCount "34"]
[EventDate "2020.??.??"]
[SourceDate "2020.06.27"]

1. e4 e5 2. Nf3 Nc6 3. Bc4 Bc5 4. b4 Bxb4 5. c3 Bc5 6. d4 exd4 7. cxd4 Bb6 8.
Ng5 d5 9. Bxd5 Ba5+ 10. Bd2 Bxd2+ 11. Nxd2 Qxg5 12. Qf3 Nf6 13. e5 Nxd5 14.
Qxd5 O-O 15. Ne4 Be6 16. Qb5 Qxg2 17. Ke2 Nxd4+ 0-1

[Event "Seattle Summer Kickoff (4-6 Open)"]
[Site "Chess.com"]
[Date "2020.06.13"]
[Round "3"]
[White "Joshi, Arnav"]
[Black "Kuo, Tristan"]
[Result "1-0"]
[WhiteElo "1049"]
[BlackElo "1191"]
[PlyCount "79"]
[EventDate "2020.??.??"]
[SourceDate "2020.06.27"]

1. d4 Nf6 2. c4 e6 3. Nf3 Bb4+ 4. Nbd2 d5 5. cxd5 Nxd5 6. e4 Nf6 7. Qa4+ Nc6 8.
Ne5 Bd7 9. Nxc6 Bxd2+ 10. Bxd2 Bxc6 11. Bb5 Qd7 12. Bxc6 Qxc6 13. Qxc6+ bxc6
14. e5 Nd5 15. O-O-O O-O 16. g4 a5 17. f4 a4 18. f5 a3 19. b3 exf5 20. gxf5 Nb4
21. Bxb4 Rfb8 22. Bd2 Rd8 23. Bg5 Rd5 24. Rhe1 h6 25. Bf4 Rad8 26. Re4 c5 27.
e6 fxe6 28. fxe6 Rxd4 29. Rexd4 Rxd4 30. Rxd4 cxd4 31. Bxc7 Kf8 32. Bd6+ Ke8
33. e7 g5 34. b4 Kd7 35. b5 h5 36. b6 g4 37. b7 d3 38. b8=Q d2+ 39. Kxd2 g3 40.
e8=Q# 1-0